LEADER 01750nam 2200553 450 001 9910162984603321 005 20200520144314.0 010 $a3-11-143032-4 024 7 $a10.1515/9783111430324 035 $a(CKB)3360000000514568 035 $a(SSID)ssj0001588812 035 $a(PQKBManifestationID)16274464 035 $a(PQKBTitleCode)TC0001588812 035 $a(PQKBWorkID)14872409 035 $a(PQKB)10764268 035 $a(MiAaPQ)EBC4793688 035 $a(DE-B1597)84279 035 $a(OCoLC)979834324 035 $a(DE-B1597)9783111430324 035 $a(Au-PeEL)EBL4793688 035 $a(CaPaEBR)ebr11334603 035 $a(CaONFJC)MIL990449 035 $a(OCoLC)971366310 035 $a(EXLCZ)993360000000514568 100 $a20170217d1948 uy| 0 101 0 $ager 135 $aurcnu|||||||| 181 $ctxt 182 $cc 183 $acr 200 10$a[Angewandte graphologie]$hTeil III$iSchriftenatlas mit Erlu?terungen und Merkmalsucher /$f[Bernhard Wittlich] 205 $aReprint 2015 210 1$a[Berlin] :$c[De Gruyter],$d[1948] 215 $a1 online resource (72 pages) 225 0 $aAngewandte Graphologie ;$vTeil 3 300 $aBibliographic Level Mode of Issuance: Monograph 311 $a3-11-106487-5 327 $tFrontmatter -- $tErläuterungen zum Schriftenatlas -- $tÜbersichtzu den Schriftproben -- $tÜbersichtzu den Schriftproben -- $tDer Merkmalsucher 606 $aGraphology 608 $aElectronic books. 615 0$aGraphology. 700 $aWittlich$b Bernhard$01034925 801 0$bMiAaPQ 801 1$bMiAaPQ 801 2$bMiAaPQ 906 $aBOOK 912 $a9910162984603321 996 $aAngewandte graphologie$92454334 997 $aUNINA LEADER 02091nam 2200421z- 450 001 9910261136703321 005 20210211 035 $a(CKB)4100000002484725 035 $a(oapen)https://directory.doabooks.org/handle/20.500.12854/56316 035 $a(oapen)doab56316 035 $a(EXLCZ)994100000002484725 100 $a20202102d2017 |y 0 101 0 $aeng 135 $aurmn|---annan 181 $ctxt$2rdacontent 182 $cc$2rdamedia 183 $acr$2rdacarrier 200 00$aPlanctomycetes-Verrucomicrobia-Chlamydiae Bacterial Superphylum: New Model Organisms for Evolutionary Cell Biology 210 $cFrontiers Media SA$d2017 215 $a1 online resource (168 p.) 225 1 $aFrontiers Research Topics 311 08$a2-88945-279-4 330 $aThe Planctomycetes, Verrucomicrobia, Chlamydiae (PVC) and related phyla have recently emerged as fascinating subjects for research in evolutionary cell biology, ecology, biotechnology, evolution and human health. This interest is prompted by particular characteristics observed in the PVC superphylum that are otherwise rarely observed in bacteria but are however still poorly described or understood, such as the presence of a complex endomembrane system, or compacted DNA throughout most of the cell cycle. Therefore, the members of the PVC superphylum represent an excellent example of the value of studying bacteria other than 'classical' models. 517 $aPlanctomycetes-Verrucomicrobia-Chlamydiae Bacterial Superphylum 606 $aMicrobiology (non-medical)$2bicssc 610 $abioactive compounds 610 $acell biology and cell division 610 $acell surface 610 $agenetic tools 610 $apeptidoglycan 610 $aPVC bacteria 615 7$aMicrobiology (non-medical) 700 $aDamien P. Devos$4auth$01331962 702 $aLaura van Niftrik$4auth 906 $aBOOK 912 $a9910261136703321 996 $aPlanctomycetes-Verrucomicrobia-Chlamydiae Bacterial Superphylum: New Model Organisms for Evolutionary Cell Biology$93040708 997 $aUNINA